LEADER 01091nam0-2200385---450 001 990008487390403321 005 20200430095647.0 010 $a88-513-0031-3 035 $a000848739 035 $aFED01000848739 035 $a(Aleph)000848739FED01 035 $a000848739 100 $a20070319d2002----km-y0itay50------ba 101 0 $aita 102 $aIT 105 $aa-------001yy 200 1 $a<>fotovoltaico in architettura$el'integrazione dei sistemi a energia solare negli edifici$fNiccolò Aste 210 $aNapoli$cEsselibri$d2002 215 $aXIII, 237 p.$cill.$d24 cm 225 1 $aArchitettura sostenibile$v4 610 0 $aEnergia solare 610 0 $aImpianti solari 676 $a697.78 700 1$aAste,$bNiccolò$0447775 801 0$aIT$bUNINA$gRICA$2UNIMARC 901 $aBK 912 $a990008487390403321 952 $aB 704 CAN$b3720 URB$fDARPU 952 $a08 AM 85$b1456$fDINED 952 $a12.1290$b6/19$fDARST 959 $aDARST 959 $aDARPU 959 $aDINED 996 $aFotovoltaico in architettura$9104080 997 $aUNINA